Business and Economics of Port Management : An Insider's Perspective / (Record no. 26610)

000 -LEADER
fixed length control field 00481 a2200157 4500
008 - FIXED-LENGTH DATA ELEMENTS--GENERAL INFORMATION
fixed length control field 230621b ||||| |||| 00| 0 eng d
020 ## - INTERNATIONAL STANDARD BOOK NUMBER
International Standard Book Number 9781138341913
Terms of availability GBP34.99
041 0# - LANGUAGE CODE
Language code of text/sound track or separate title eng
082 00 - DEWEY DECIMAL CLASSIFICATION NUMBER
Classification number 387.1068
Item number Y25
100 ## - MAIN ENTRY--PERSONAL NAME
Personal name Yap, Wei Yim
245 ## - TITLE STATEMENT
Title Business and Economics of Port Management : An Insider's Perspective /
260 ## - PUBLICATION, DISTRIBUTION, ETC. (IMPRINT)
Place of publication, distribution, etc London:
Name of publisher, distributor, etc Routledge,
Date of publication, distribution, etc 2021.
300 ## - PHYSICAL DESCRIPTION
Extent xxxviii, 469 p. :
Other physical details ill. ;
Dimensions 25 cm
650 #0 - SUBJECT ADDED ENTRY--TOPICAL TERM
Topical term or geographic name as entry element Harbors - Management
942 ## - ADDED ENTRY ELEMENTS (KOHA)
Source of classification or shelving scheme
Item type Books
Holdings
Withdrawn status Lost status Source of classification or shelving scheme Damaged status Not for loan Permanent location Current location Shelving location Date acquired Source of acquisition Cost, normal purchase price Full call number Barcode Date last seen Cost, replacement price Koha item type Total Checkouts Total Renewals Date last borrowed
          IMU Kolkata IMU Kolkata Reference 2023-06-21 4 2261.87 387.1068 Y25 14020 2023-06-21 3537.49 Books      
          IMU Kolkata IMU Kolkata   2023-06-21 4 2261.87 387.1068 Y25 14021 2024-03-07 3537.49 Books 2 1 2024-02-22
          IMU Kolkata IMU Kolkata   2023-06-21 4 2261.87 387.1068 Y25 14022 2024-02-15 3537.49 Books 1   2024-01-12
Designed and Maintained by IMU-KC Library, Kolkata Campus © Copyright All Rights Reserved

webs counters

Powered by Koha